برنامج مقترح لتنمية الذكاء الوجداني لدى الأطفال المعوقين عقليا القابلين للتعليم و أثره على سلوكهم / (رقم التسجيلة. 33841)
[ عرض عادي ]
| 000 -LEADER | |
|---|---|
| fixed length control field | 02895cam a2200337 a 4500 |
| 003 - CONTROL NUMBER IDENTIFIER | |
| control field | EG-GiCUC |
| 005 - DATE AND TIME OF LATEST TRANSACTION | |
| control field | 20250223030409.0 |
| 008 - FIXED-LENGTH DATA ELEMENTS--GENERAL INFORMATION | |
| fixed length control field | 110510s2011 ua h f m 000 0 ara d |
| 040 ## - CATALOGING SOURCE | |
| Original cataloging agency | EG-GiCUC |
| Language of cataloging | ara |
| Transcribing agency | EG-GiCUC |
| 041 0# - LANGUAGE CODE | |
| Language code of text/sound track or separate title | ara |
| 049 ## - LOCAL HOLDINGS (OCLC) | |
| Holding library | ايداع |
| 097 ## - Thesis Degree | |
| Thesis Level | دكتوراه |
| 099 ## - LOCAL FREE-TEXT CALL NUMBER (OCLC) | |
| Classification number | Cai01.23.05.Ph.D.2011.نج.ب |
| 100 0# - MAIN ENTRY--PERSONAL NAME | |
| Personal name | نجلاء محمود سليم ابراهيم |
| 245 10 - TITLE STATEMENT | |
| Title | برنامج مقترح لتنمية الذكاء الوجداني لدى الأطفال المعوقين عقليا القابلين للتعليم و أثره على سلوكهم / |
| Statement of responsibility, etc. | نجلاء محمود سليم ابراهيم ؛ إشراف علاء الدين أحمد كفافي : علا عبدالرحمن محمد |
| 246 15 - VARYING FORM OF TITLE | |
| Title proper/short title | Effectiveness of program to develop emotional intelligence for mentally retarded educable children on adaptive behavior |
| 260 ## - PUBLICATION, DISTRIBUTION, ETC. | |
| Place of publication, distribution, etc. | القاهرة : |
| Name of publisher, distributor, etc. | نجلاء محمود سليم ابراهيم : |
| Date of publication, distribution, etc. | 2011 |
| 300 ## - PHYSICAL DESCRIPTION | |
| Extent | 254 ص : |
| Other physical details | مثيليات ؛ |
| Dimensions | 25سم |
| 502 ## - DISSERTATION NOTE | |
| Dissertation note | اطروحة (دكتوراه) - جامعة القاهرة - معهد الدراسات و البحوث التربوية - قسم رياض الأطفال و التعليم الإبتدائي |
| 520 ## - SUMMARY, ETC. | |
| Summary, etc. | هدفت هذه الدراسة إلى إعداد برنامج مقترح لتنمية الذكاء الوجداني لدى الأطفال المعوقين عقليا القابلين للتعليم و أثره على سلوكهم: و كانت عينة الدراسة قوامها "١٦" معوق عقليا من مدرسة أحمد شوقي الفكرية: الطفل المعوق عقليا يعاني من مشكلات سلوكية و انفعالية يجد معها صعوبة في تكيفه مع نفسه و مع أفراد المجتمع .. و إذا لم يجد الرعاية المناسبة ويصبح خطرا على نفسه و على اسرته و انفعالية يجد معها صعوبة في تكيفه مع نفسه و على أسرته و من ثم أفراد مجتمعه و يؤدي ذلك إلى ظهور العديد من لاستجابات السلوكية غير المرغوب فيها و التي تتمثل في شكل عدوان أو في شكل عدم توافق مع الآخرين أو عدم القدرة على تكوين صداقات أو علاقات أو في شكل العزل أو انسحاب عن من يحيطون به |
| 530 ## - ADDITIONAL PHYSICAL FORM AVAILABLE NOTE | |
| Additional physical form available note | صدر ايضا كقرص مدمج |
| 653 #4 - INDEX TERM--UNCONTROLLED | |
| Uncontrolled term | أثره على سلوكهم |
| 653 #4 - INDEX TERM--UNCONTROLLED | |
| Uncontrolled term | الأطفال المعوقين عقليا القابلين للتعليم |
| 653 #4 - INDEX TERM--UNCONTROLLED | |
| Uncontrolled term | تنمية الذكاء الوجداني |
| 700 0# - ADDED ENTRY--PERSONAL NAME | |
| Personal name | علا عبدالرحمن محمد : |
| Relator term | |
| 700 0# - ADDED ENTRY--PERSONAL NAME | |
| Personal name | علاء الدين أحمد كفافي : |
| Relator term | |
| 856 ## - ELECTRONIC LOCATION AND ACCESS | |
| Uniform Resource Identifier | <a href="http://172.23.153.220/th.pdf">http://172.23.153.220/th.pdf</a> |
| 905 ## - LOCAL DATA ELEMENT E, LDE (RLIN) | |
| Cataloger | Nazla |
| Reviser | Revisor |
| 905 ## - LOCAL DATA ELEMENT E, LDE (RLIN) | |
| Cataloger | Samia |
| Reviser | Cataloger |
| 942 ## - ADDED ENTRY ELEMENTS (KOHA) | |
| Source of classification or shelving scheme | Dewey Decimal Classification |
| Koha item type | Thesis |
| Source of classification or shelving scheme | Not for loan | Home library | Current library | Date acquired | Full call number | Barcode | Date last seen | Koha item type | Copy number |
|---|---|---|---|---|---|---|---|---|---|
| Dewey Decimal Classification | المكتبة المركزبة الجديدة - جامعة القاهرة | قاعة الرسائل الجامعية - الدور الاول | 11.02.2024 | Cai01.23.05.Ph.D.2011.نج.ب | 01010100015827000 | 22.09.2023 | Thesis | ||
| Dewey Decimal Classification | المكتبة المركزبة الجديدة - جامعة القاهرة | مخـــزن الرســائل الجـــامعية - البدروم | 11.02.2024 | Cai01.23.05.Ph.D.2011.نج.ب | 01020100015827000 | 22.09.2023 | CD - Rom | 15827.CD |